[Event "Qatar Masters Open 2014"]
[Site "Doha QAT"]
[Date "2014.12.01"]
[Round "6.58"]
[White "Javakhishvili, Lela"]
[Black "Kharous, Ernest"]
[Result "1-0"]
[WhiteElo "2486"]
[BlackElo "2358"]
[PlyCount "91"]
[EventDate "2014.11.26"]
[EventType "swiss"]
[EventRounds "9"]
[EventCountry "QAT"]
[Source "lmi"]
[SourceDate "2014.11.26"]

1. d4 Nf6 2. Nf3 c6 3. c4 b5 4. b3 g6 5. e3 bxc4 6. bxc4 Bg7 7. Nbd2 O-O 8. Be2
d6 9. O-O c5 10. Bb2 Nc6 11. d5 Nb8 12. Qc2 e5 13. Bc3 a5 14. Rab1 Ne8 15. Rb2
f5 16. Rfb1 Nd7 17. Ne1 g5 18. Rb5 a4 19. e4 f4 20. Bg4 Ndf6 21. Bxc8 Qxc8 22.
Ra5 Rxa5 23. Bxa5 Qd7 24. Rb5 g4 25. Qxa4 f3 26. g3 h5 27. Qc2 h4 28. Nf1 Qf7
29. Bd8 Qg6 30. a4 Qxe4 31. Qxe4 Nxe4 32. a5 N8f6 33. Bc7 Bh6 34. Nc2 Ng5 35.
Nfe3 Nh3+ 36. Kf1 Nxf2 37. Rb8 Ne8 38. Rxe8 Rxe8 39. Kxf2 hxg3+ 40. hxg3 Bf8
41. Nxg4 Kf7 42. Kxf3 Ke7 43. Na3 e4+ 44. Ke2 Rc8 45. Nb5 Bg7 46. a6 1-0

[Event "Qatar Masters Open 2014"]
[Site "Doha QAT"]
[Date "2014.12.01"]
[Round "6.59"]
[White "Belouadah, Saad"]
[Black "Shyam, Sundar M"]
[Result "0-1"]
[WhiteElo "2305"]
[BlackElo "2484"]
[PlyCount "84"]
[EventDate "2014.11.26"]
[EventType "swiss"]
[EventRounds "9"]
[EventCountry "QAT"]
[Source "lmi"]
[SourceDate "2014.11.26"]

1. d4 Nf6 2. Nf3 d5 3. c4 e6 4. e3 Be7 5. Bd3 O-O 6. O-O dxc4 7. Bxc4 a6 8. a4
c5 9. Qe2 cxd4 10. Rd1 Nc6 11. exd4 Nb4 12. Nc3 b6 13. Bf4 Bb7 14. Rac1 Rc8 15.
Ne5 Nfd5 16. Bd2 Bg5 17. Qg4 Bxd2 18. Rxd2 Rc7 19. Qg3 Qe7 20. Re1 Rfc8 21.
Bxd5 Nxd5 22. Nxd5 Bxd5 23. h4 Qb4 24. Ree2 Qxa4 25. h5 Rc1+ 26. Kh2 Qa1 27.
Qf4 f6 28. Nf3 Rh1+ 29. Kg3 Rxh5 30. Rc2 Rf8 31. Re1 Qa5 32. Rec1 Bxf3 33. Qxf3
Qg5+ 34. Qg4 Qxg4+ 35. Kxg4 Rd5 36. Rc6 Rxd4+ 37. Kf3 Rd3+ 38. Ke4 Rb3 39. R1c2
Kf7 40. Rc7+ Kg6 41. f4 Rd8 42. g4 f5+ 0-1

[Event "Qatar Masters Open 2014"]
[Site "Doha QAT"]
[Date "2014.12.01"]
[Round "6.60"]
[White "Tomashevskaya, Lidia"]
[Black "Tari, Aryan"]
[Result "1/2-1/2"]
[WhiteElo "2210"]
[BlackElo "2479"]
[PlyCount "79"]
[EventDate "2014.11.26"]
[EventType "swiss"]
[EventRounds "9"]
[EventCountry "QAT"]
[Source "lmi"]
[SourceDate "2014.11.26"]

1. e4 c5 2. Nf3 e6 3. d4 cxd4 4. Nxd4 a6 5. Bd3 Nf6 6. O-O e5 7. Nb3 Nc6 8. Nc3
d6 9. Bg5 Be7 10. Bxf6 Bxf6 11. Nd5 Bg5 12. a4 Be6 13. Bc4 Rc8 14. Qe2 O-O 15.
c3 Bh6 16. Rfd1 Kh8 17. Nd2 Ne7 18. Nf1 Ng6 19. g3 Qg5 20. Kh1 Qg4 21. f3 Qh5
22. Nfe3 Rcd8 23. Nb6 Bxe3 24. Qxe3 Ne7 25. Rd2 Nc8 26. Nxc8 Rxc8 27. Bd5 Bxd5
28. Rxd5 f5 29. Rxd6 f4 30. gxf4 Rxf4 31. Rg1 Rxf3 32. Qg5 Qxg5 33. Rxg5 Rf2
34. Rd7 Rxb2 35. Rgxg7 Rxc3 36. Rxh7+ Kg8 37. Rhg7+ Kh8 38. Rh7+ Kg8 39. Rhg7+
Kh8 40. Rh7+ 1/2-1/2

[Event "Qatar Masters Open 2014"]
[Site "Doha QAT"]
[Date "2014.12.01"]
[Round "6.61"]
[White "Das, Sayantan"]
[Black "Foisor, Sabina-Francesca"]
[Result "1-0"]
[WhiteElo "2444"]
[BlackElo "2270"]
[PlyCount "83"]
[EventDate "2014.11.26"]
[EventType "swiss"]
[EventRounds "9"]
[EventCountry "QAT"]
[Source "lmi"]
[SourceDate "2014.11.26"]

1. e4 e6 2. d4 d5 3. Nc3 dxe4 4. Nxe4 Bd7 5. Nf3 Bc6 6. Bd3 Nd7 7. O-O Ngf6 8.
Ng3 g6 9. b3 Bg7 10. Ba3 Bf8 11. Bb2 Bg7 12. c4 O-O 13. Ne5 Nxe5 14. dxe5 Ng4
15. Qxg4 Qxd3 16. Rfd1 Qc2 17. Bd4 h6 18. h4 g5 19. hxg5 Qg6 20. f4 Rfd8 21.
Bc5 hxg5 22. f5 exf5 23. Nxf5 Re8 24. Nxg7 Kxg7 25. Rf1 Re6 26. Rf5 b6 27. Rxg5
bxc5 28. a3 Rh8 29. Ra2 Rxe5 30. Rxg6+ fxg6 31. Re2 Rf5 32. Re7+ Kf6 33. Qe2
Bxg2 34. Qe6+ Kg5 35. Qe3+ Kf6 36. Re6+ Kf7 37. Kxg2 Rhh5 38. Re7+ Kf6 39. Qe6+
Kg5 40. Rf7 Kf4 41. Rxf5+ Rxf5 42. Qe7 1-0

[Event "Qatar Masters Open 2014"]
[Site "Doha QAT"]
[Date "2014.12.01"]
[Round "6.62"]
[White "Bologan, Viktor"]
[Black "Pourkashiyan, Atousa"]
[Result "1-0"]
[WhiteElo "2643"]
[BlackElo "2312"]
[PlyCount "89"]
[EventDate "2014.11.26"]
[EventType "swiss"]
[EventRounds "9"]
[EventCountry "QAT"]
[Source "lmi"]
[SourceDate "2014.11.26"]

1. d4 Nf6 2. c4 e6 3. Nf3 d5 4. Nc3 Be7 5. Bf4 O-O 6. e3 Nbd7 7. c5 Nh5 8. Bd3
Nxf4 9. exf4 b6 10. b4 a5 11. a3 c6 12. O-O Qc7 13. g3 Ba6 14. Kg2 Bxd3 15.
Qxd3 Rfb8 16. Rfc1 axb4 17. axb4 bxc5 18. bxc5 h6 19. Ra6 Qb7 20. Rca1 Bf6 21.
Rxa8 Rxa8 22. Rb1 Qa6 23. Qxa6 Rxa6 24. Nd1 Ra7 25. Ne3 Kf8 26. Rb4 Ke7 27. h4
h5 28. g4 hxg4 29. Nxg4 g6 30. Kg3 Bg7 31. Nfe5 Bxe5 32. fxe5 Ra3+ 33. Kf4 Rd3
34. Ra4 Rd1 35. f3 Rd3 36. Ra7 Ke8 37. Nf6+ Nxf6 38. exf6 Rxd4+ 39. Ke5 Rb4 40.
Ra8+ Kd7 41. Rf8 Rxh4 42. Rxf7+ Ke8 43. Ra7 Rb4 44. Kxe6 Rb8 45. Rh7 1-0

[Event "Qatar Masters Open 2014"]
[Site "Doha QAT"]
[Date "2014.12.01"]
[Round "6.63"]
[White "Nezad, Husein Aziz"]
[Black "Gomes, Mary Ann"]
[Result "1-0"]
[WhiteElo "2396"]
[BlackElo "2355"]
[PlyCount "37"]
[EventDate "2014.11.26"]
[EventType "swiss"]
[EventRounds "9"]
[EventCountry "QAT"]
[Source "lmi"]
[SourceDate "2014.11.26"]

1. d4 Nf6 2. c4 e6 3. Nf3 Bb4+ 4. Bd2 Qe7 5. g3 Bxd2+ 6. Nbxd2 d5 7. Bg2 O-O 8.
O-O Nbd7 9. Qc2 c5 10. Rac1 b6 11. dxc5 bxc5 12. cxd5 exd5 13. Rfe1 Bb7 14. e4
Nxe4 15. Nxe4 dxe4 16. Nd2 Rfe8 17. Nxe4 Kh8 18. Re3 Qf8 19. Ng5 1-0

[Event "Qatar Masters Open 2014"]
[Site "Doha QAT"]
[Date "2014.12.01"]
[Round "6.64"]
[White "Tabatabaei, M.Amin"]
[Black "L'Ami, Alina"]
[Result "1/2-1/2"]
[WhiteElo "2353"]
[BlackElo "2393"]
[PlyCount "152"]
[EventDate "2014.11.26"]
[EventType "swiss"]
[EventRounds "9"]
[EventCountry "QAT"]
[Source "lmi"]
[SourceDate "2014.11.26"]

1. e4 c5 2. Nf3 d6 3. Bb5+ Bd7 4. Bxd7+ Qxd7 5. c4 Nc6 6. Nc3 Nf6 7. d4 cxd4 8.
Nxd4 g6 9. h3 Bg7 10. Be3 O-O 11. O-O a6 12. a4 Qd8 13. Qd2 Na5 14. Qe2 Rc8 15.
b3 e5 16. Nc2 Nxb3 17. Rab1 Nc5 18. Bxc5 Rxc5 19. Ne3 Qd7 20. Rb4 a5 21. Rb6
Bh6 22. Rd1 Rc6 23. Ned5 Nxd5 24. Nxd5 Bg5 25. Rb5 f5 26. exf5 Qxf5 27. Rxb7
Bh4 28. f3 Qc8 29. Rb5 Rxc4 30. Nb6 Rc2 31. Nxc8 Rxe2 32. Nxd6 Rd8 33. Rxa5 Ra2
34. Rxe5 Rxa4 35. Re8+ Rxe8 36. Nxe8 Ra7 37. Kf1 Be7 38. Ke2 Kf8 39. Nd6 Ra2+
40. Kf1 Bxd6 41. Rxd6 Ke7 42. Rb6 Ra7 43. Kf2 Kf7 44. Kg3 Kg7 45. Rb4 Rc7 46.
f4 Kf6 47. Rb6+ Kf5 48. Rb5+ Kf6 49. Rb3 Ra7 50. Kf3 Rc7 51. g4 Ra7 52. h4 Rc7
53. Rb6+ Kf7 54. Rd6 Ra7 55. Ke4 Re7+ 56. Kf3 Ra7 57. Rd4 Re7 58. h5 gxh5 59.
gxh5 Kf6 60. Rd6+ Kf5 61. Rd8 Ra7 62. Rf8+ Ke6 63. Rb8 Kf5 64. Rb5+ Kf6 65. Rd5
Ra1 66. Rd7 h6 67. Rh7 Kf5 68. Rf7+ Ke6 69. Rh7 Kf5 70. Rxh6 Ra3+ 71. Kg2 Kxf4
72. Rg6 Ra5 73. h6 Rh5 74. Ra6 Kg5 75. Ra5+ Kxh6 76. Rxh5+ Kxh5 1/2-1/2

[Event "Qatar Masters Open 2014"]
[Site "Doha QAT"]
[Date "2014.12.01"]
[Round "6.65"]
[White "Nemcova, Katerina"]
[Black "Deac, Bogdan-Daniel"]
[Result "1/2-1/2"]
[WhiteElo "2312"]
[BlackElo "2385"]
[PlyCount "208"]
[EventDate "2014.11.26"]
[EventType "swiss"]
[EventRounds "9"]
[EventCountry "QAT"]
[Source "lmi"]
[SourceDate "2014.11.26"]

1. c4 Nf6 2. Nc3 d5 3. d4 e6 4. cxd5 exd5 5. Bg5 c6 6. Qc2 Na6 7. e3 Nc7 8. Bd3
Ne6 9. Bh4 Be7 10. Nge2 g6 11. O-O O-O 12. Rad1 Nh5 13. Bxe7 Qxe7 14. f3 Ng5
15. e4 dxe4 16. fxe4 Bg4 17. Rf2 Rad8 18. Rdf1 b5 19. a3 a5 20. e5 Ne6 21. d5
cxd5 22. Nxb5 Qg5 23. Nbd4 Bxe2 24. Nxe2 Qxe5 25. Qd2 Nc5 26. b4 axb4 27. axb4
Ne4 28. Bxe4 dxe4 29. Qa2 Rd7 30. Qc4 Ng7 31. Ng3 Qd4 32. Qb3 Ne6 33. Kh1 Qe5
34. b5 f5 35. b6 Kg7 36. Qb4 Qc5 37. Qb2+ Kg8 38. b7 Qc7 39. Qb3 Re7 40. Nxf5
gxf5 41. Rxf5 Rxf5 42. b8=Q+ Qxb8 43. Qxb8+ Rf8 44. Qg3+ Ng7 45. Rxf8+ Kxf8 46.
Qe3 h5 47. Kg1 Kf7 48. h3 Kg6 49. g4 hxg4 50. hxg4 Re6 51. Kf2 Ne8 52. Ke2 Re7
53. Qc5 Kf7 54. Qf5+ Kg8 55. Qg5+ Kf8 56. Qh6+ Rg7 57. Ke3 Kf7 58. Qf4+ Kg8 59.
Qxe4 Kf8 60. Qb4+ Kf7 61. Kf4 Rg6 62. Qb7+ Kf8 63. g5 Ng7 64. Qc8+ Kf7 65. Qd7+
Kf8 66. Kg4 Re6 67. Qd8+ Kf7 68. Qd5 Kf8 69. Qd8+ Kf7 70. Qd5 Kf8 71. Kf4 Rg6
72. Qc5+ Kf7 73. Qc7+ Kf8 74. Ke4 Re6+ 75. Kd4 Rg6 76. Kc4 Ne6 77. Qd6+ Kg7 78.
Qe7+ Kg8 79. Qe8+ Kg7 80. Qd7+ Kg8 81. Qd5 Kg7 82. Qe5+ Kg8 83. Qb8+ Kg7 84.
Qb2+ Kg8 85. Qb8+ Kg7 86. Qe5+ Kg8 87. Qf5 Kg7 88. Qe5+ Kg8 89. Qd6 Kg7 90.
Qe7+ Kg8 91. Qe8+ Kg7 92. Qe7+ Kg8 93. Qe8+ Kg7 94. Qe7+ Kg8 95. Kd5 Nxg5 96.
Qe8+ Kg7 97. Qd7+ Nf7 98. Ke4 Re6+ 99. Kf5 Re5+ 100. Kf4 Rg5 101. Qe7 Re5 102.
Qa7 Rg5 103. Qa1+ Re5 104. Qb2 Kf8 1/2-1/2

[Event "Qatar Masters Open 2014"]
[Site "Doha QAT"]
[Date "2014.12.01"]
[Round "6.66"]
[White "Nuri, Kambez"]
[Black "Gaponenko, Inna"]
[Result "0-1"]
[WhiteElo "2300"]
[BlackElo "2381"]
[PlyCount "92"]
[EventDate "2014.11.26"]
[EventType "swiss"]
[EventRounds "9"]
[EventCountry "QAT"]
[Source "lmi"]
[SourceDate "2014.11.26"]

1. e4 c5 2. d4 cxd4 3. c3 Nf6 4. e5 Nd5 5. Nf3 Nc6 6. cxd4 d6 7. Bc4 Nb6 8. Bb5
Bd7 9. Nc3 dxe5 10. dxe5 g6 11. O-O Bg7 12. Qe2 O-O 13. Rd1 Qc7 14. Be3 Bg4 15.
Bxb6 Qxb6 16. Nd5 Bxf3 17. gxf3 Nd4 18. Nxb6 Nxe2+ 19. Bxe2 axb6 20. Rd7 Bxe5
21. Bc4 Bxb2 22. Rb1 Ba3 23. Rxb6 Rfc8 24. Bb3 Rc1+ 25. Kg2 Ra5 26. Rd5 Rxd5
27. Bxd5 Bc5 28. Rxb7 Rc2 29. Rc7 Rxf2+ 30. Kg3 Rc2 31. Rc8+ Kg7 32. Kh3 e6 33.
Be4 Rc3 34. a4 f5 35. Ba8 Rc2 36. a5 g5 37. Rc7+ Kf6 38. Rc6 h5 39. a6 g4+ 40.
fxg4 hxg4+ 41. Kg3 Bf2+ 42. Kg2 Ra2 43. Bb7 Bd4+ 44. Kf1 Rxh2 45. Bc8 g3 46.
Rxe6+ Kf7 0-1

[Event "Qatar Masters Open 2014"]
[Site "Doha QAT"]
[Date "2014.12.01"]
[Round "6.67"]
[White "Kathmale, Sameer"]
[Black "Khademalsharieh, Sarasadat"]
[Result "1-0"]
[WhiteElo "2267"]
[BlackElo "2378"]
[PlyCount "107"]
[EventDate "2014.11.26"]
[EventType "swiss"]
[EventRounds "9"]
[EventCountry "QAT"]
[Source "lmi"]
[SourceDate "2014.11.26"]

1. e4 e5 2. Nf3 Nc6 3. Bb5 a6 4. Ba4 Nge7 5. O-O g6 6. c3 Bg7 7. d4 exd4 8.
cxd4 b5 9. Bc2 d6 10. h3 O-O 11. Be3 Na5 12. Nbd2 Bb7 13. b4 Nac6 14. Qb1 Qd7
15. a4 Na7 16. Rc1 bxa4 17. Bxa4 Nb5 18. Ra2 f5 19. Ng5 f4 20. Bxb5 Qxb5 21.
Bxf4 Rxf4 22. Ne6 Rf7 23. Nxc7 Qg5 24. Nxa8 Bxa8 25. Qd3 Qf4 26. Qe3 Qxe3 27.
fxe3 Bh6 28. Rc3 Bb7 29. Nc4 Nc8 30. Na5 Nb6 31. Nxb7 Rxb7 32. Rxa6 d5 33. Kf2
dxe4 34. b5 Nd5 35. Rc5 Nb4 36. Ra8+ Kf7 37. Ke2 Nd3 38. Rc6 Nb4 39. Rc5 Nd3
40. Rc6 Nb4 41. Rd6 Rc7 42. b6 Rc2+ 43. Kf1 Bxe3 44. Ra7+ Ke8 45. Re6+ Kd8 46.
Rxe4 Rf2+ 47. Kg1 Re2+ 48. Kh2 Bg1+ 49. Kxg1 Rxe4 50. Ra8+ Kd7 51. b7 Nc6 52.
d5 Nb8 53. Rxb8 Kc7 54. Rh8 1-0

[Event "Qatar Masters Open 2014"]
[Site "Doha QAT"]
[Date "2014.12.01"]
[Round "6.68"]
[White "Hedman, Erik"]
[Black "Basso, Pier Luigi"]
[Result "1/2-1/2"]
[WhiteElo "2370"]
[BlackElo "2335"]
[PlyCount "39"]
[EventDate "2014.11.26"]
[EventType "swiss"]
[EventRounds "9"]
[EventCountry "QAT"]
[Source "lmi"]
[SourceDate "2014.11.26"]

1. d4 Nf6 2. c4 e6 3. Nf3 b6 4. Bf4 Bb7 5. e3 Be7 6. h3 c5 7. Nc3 cxd4 8. Nxd4
a6 9. Be2 d6 10. Bf3 Qc7 11. Bg3 O-O 12. O-O Nbd7 13. Rc1 Rac8 14. b3 Rfd8 15.
Qe2 Bxf3 16. Qxf3 Ne5 17. Qe2 Ned7 18. Qf3 Ne5 19. Qe2 Ned7 20. Qf3 1/2-1/2

[Event "Qatar Masters Open 2014"]
[Site "Doha QAT"]
[Date "2014.12.01"]
[Round "6.69"]
[White "Sukandar, Irine Kharisma"]
[Black "Mamedjarova, Zeinab"]
[Result "0-1"]
[WhiteElo "2407"]
[BlackElo "2241"]
[PlyCount "86"]
[EventDate "2014.11.26"]
[EventType "swiss"]
[EventRounds "9"]
[EventCountry "QAT"]
[Source "lmi"]
[SourceDate "2014.11.26"]

1. e4 d6 2. d4 Nf6 3. Nc3 Nbd7 4. Nf3 e5 5. Bc4 Be7 6. O-O O-O 7. a4 exd4 8.
Nxd4 Nb6 9. Ba2 a5 10. Bf4 c6 11. Qe2 d5 12. exd5 Nfxd5 13. Nxd5 Nxd5 14. Bxd5
cxd5 15. Rfe1 Bf6 16. Be5 Bg5 17. Qf3 Ra6 18. Rad1 Rg6 19. Qc3 Bg4 20. f3 Bd7
21. Bc7 Qa8 22. Qxa5 Qxa5 23. Bxa5 Bxa4 24. Bb4 Rc8 25. Be7 Bf4 26. Ra1 Bd7 27.
Ra7 Rb6 28. Ba3 Be6 29. c3 g6 30. g3 Bg5 31. Kf2 h5 32. h4 Bf6 33. Rd1 Kg7 34.
Bb4 Rc4 35. Ke3 Be5 36. b3 Rc8 37. f4 Bg4 38. Rda1 Rxb4 39. cxb4 Rc3+ 40. Kd2
Bxd4 41. Rxb7 Rxg3 42. Ra8 Bc3+ 43. Kc2 Bf5+ 0-1

[Event "Qatar Masters Open 2014"]
[Site "Doha QAT"]
[Date "2014.12.01"]
[Round "6.70"]
[White "Gara, Ticia"]
[Black "Studer, Noel"]
[Result "1/2-1/2"]
[WhiteElo "2326"]
[BlackElo "2395"]
[PlyCount "143"]
[EventDate "2014.11.26"]
[EventType "swiss"]
[EventRounds "9"]
[EventCountry "QAT"]
[Source "lmi"]
[SourceDate "2014.11.26"]

1. e4 e5 2. Nf3 Nc6 3. Bb5 Nge7 4. c3 d5 5. Nxe5 dxe4 6. d4 exd3 7. Nxc6 Nxc6
8. Bxd3 Bd6 9. O-O O-O 10. Be3 Ne5 11. Be2 Qh4 12. g3 Qh3 13. Nd2 Ng4 14. Bxg4
Bxg4 15. f3 Bf5 16. Qe2 Rfe8 17. Rfe1 Rad8 18. Qf2 b6 19. Nc4 Bf8 20. Bd4 Be6
21. Nd2 c5 22. Be3 Rd3 23. Ne4 Qf5 24. Rad1 Qd5 25. Rxd3 Qxd3 26. Qd2 Qb5 27.
b3 Qc6 28. c4 Be7 29. Kf2 Rd8 30. Qe2 h6 31. Rd1 Re8 32. Qd2 a6 33. Nc3 b5 34.
Nd5 Bf8 35. Bf4 Rc8 36. Be5 Rd8 37. Bxg7 Bxd5 38. cxd5 Qd6 39. Bxf8 Kxf8 40.
Qd3 Kg8 41. f4 Qf6 42. Re1 Qb6 43. Kf3 Qa5 44. Re2 c4 45. Qd4 Qa3 46. Qf6 Qf8
47. bxc4 bxc4 48. Qxa6 Qc5 49. Qc6 Qa3+ 50. Re3 Qc1 51. Re8+ Rxe8 52. Qxe8+ Kg7
53. Qe5+ Kg8 54. d6 c3 55. Qe8+ Kg7 56. d7 Qd1+ 57. Ke4 Qe2+ 58. Kd5 Qd3+ 59.
Ke5 Qe2+ 60. Kf5 Qh5+ 61. Ke4 Qe2+ 62. Kd4 Qd2+ 63. Ke5 Qe2+ 64. Kd6 Qd3+ 65.
Ke7 Qe3+ 66. Kd6 Qd4+ 67. Kc7 c2 68. Qe1 Qc5+ 69. Kb7 Qb5+ 70. Kc7 Qc5+ 71. Kb7
Qb5+ 72. Kc7 1/2-1/2

[Event "Qatar Masters Open 2014"]
[Site "Doha QAT"]
[Date "2014.12.01"]
[Round "6.71"]
[White "Zhai, Mo"]
[Black "Guramishvili, Sopiko"]
[Result "1/2-1/2"]
[WhiteElo "2325"]
[BlackElo "2388"]
[PlyCount "168"]
[EventDate "2014.11.26"]
[EventType "swiss"]
[EventRounds "9"]
[EventCountry "QAT"]
[Source "lmi"]
[SourceDate "2014.11.26"]

1. d4 d5 2. c4 e6 3. Nc3 a6 4. cxd5 exd5 5. Bf4 c6 6. e3 Bd6 7. Bxd6 Qxd6 8.
Bd3 Ne7 9. Qc2 Bg4 10. Nge2 Bxe2 11. Nxe2 Nd7 12. O-O Nf6 13. Ng3 g6 14. b4 h5
15. Qc5 Qd7 16. Ne2 O-O 17. a4 Rfc8 18. f3 Qe6 19. e4 b6 20. Qc2 c5 21. Nf4 Qd7
22. e5 cxd4 23. Qe2 Ne8 24. e6 Qd6 25. exf7+ Kxf7 26. Rfe1 Ng7 27. Qe5 Qxe5 28.
Rxe5 Rd8 29. Rae1 Ra7 30. g4 Rd6 31. gxh5 gxh5 32. Nxh5 Ne6 33. Kf2 b5 34. axb5
axb5 35. Bxb5 Rb7 36. Bf1 Rxb4 37. Kg3 Rb7 38. Bh3 Nf8 39. Nf4 Nfg6 40. Nxg6
Rxg6+ 41. Bg4 d3 42. h4 Rc6 43. h5 Kf8 44. Rd1 Rb3 45. Kh4 Rc2 46. Re3 Rcc3 47.
h6 d4 48. Re6 Kf7 49. Rde1 Ng6+ 50. Kg5 Rc5+ 51. Bf5 Rxf5+ 52. Kxf5 Rb5+ 53.
Ke4 Kxe6 54. Kxd4+ Kf6 55. Kxd3 Rh5 56. Ra1 Rxh6 57. Ra6+ Kf5 58. Ke3 Rh3 59.
Ra5+ Kf6 60. Ra6+ Kf7 61. Ra7+ Ne7 62. Ke4 Rh1 63. Ra3 Rh4+ 64. f4 Rh1 65. Rb3
Ra1 66. Rb7 Ra6 67. Rb5 Kf6 68. Rb8 Ng6 69. Rb4 Nh4 70. Rc4 Nf5 71. Rb4 Re6+
72. Kf3 Re3+ 73. Kf2 Re6 74. Kf3 Kg6 75. Ra4 Rc6 76. Ke4 Rc5 77. Ra6+ Kh5 78.
Re6 Kg4 79. Rg6+ Kh4 80. Re6 Ng3+ 81. Ke3 Rc3+ 82. Kd4 Rf3 83. Rf6 Nh5 84. Rf8
Rxf4+ 1/2-1/2

[Event "Qatar Masters Open 2014"]
[Site "Doha QAT"]
[Date "2014.12.01"]
[Round "6.72"]
[White "Wang, Jue"]
[Black "Salih, Akar Ali Salih"]
[Result "1-0"]
[WhiteElo "2353"]
[BlackElo "2284"]
[PlyCount "109"]
[EventDate "2014.11.26"]
[EventType "swiss"]
[EventRounds "9"]
[EventCountry "QAT"]
[Source "lmi"]
[SourceDate "2014.11.26"]

1. e4 d6 2. d4 Nf6 3. f3 c6 4. c4 Nbd7 5. Be3 e5 6. d5 c5 7. Qd2 a6 8. Na3 g6
9. Bd3 Bg7 10. Ne2 Rb8 11. Rc1 O-O 12. g4 Qb6 13. Kf2 Qb4 14. Qc2 Qa5 15. Ng3
b5 16. Bd2 b4 17. Qd1 Nb6 18. Rb1 Qa4 19. Nc2 b3 20. axb3 Qxb3 21. Qe2 Nxg4+
22. fxg4 Bxg4 23. Qf1 Bh3 24. Qe2 Bg4 25. Qxg4 f5 26. exf5 Qxd3 27. Qd1 Nxc4
28. Bc3 Rxf5+ 29. Kg1 Qxd1+ 30. Rxd1 Rf7 31. Kg2 Nxb2 32. Rb1 Rfb7 33. Ne4 Nc4
34. Rxb7 Rxb7 35. Ra1 a5 36. Kf3 Rb3 37. Ke2 Rxc3 38. Nxc3 e4 39. Ra4 Nb6 40.
Ra3 Bxc3 41. Rxc3 Nxd5 42. Ra3 Kf7 43. Rxa5 Ke6 44. Ne3 Nf4+ 45. Kd2 Ke5 46.
Nc4+ Kd5 47. Ra4 h5 48. Ke3 Ng2+ 49. Kf2 Nf4 50. Nd2 Nd3+ 51. Ke3 Ne5 52. Nxe4
Ng4+ 53. Kf4 Nxh2 54. Ra6 g5+ 55. Nxg5 1-0

[Event "Qatar Masters Open 2014"]
[Site "Doha QAT"]
[Date "2014.12.01"]
[Round "6.73"]
[White "Kochetkova, Julia"]
[Black "Gu, Xiaobing"]
[Result "0-1"]
[WhiteElo "2345"]
[BlackElo "2283"]
[PlyCount "80"]
[EventDate "2014.11.26"]
[EventType "swiss"]
[EventRounds "9"]
[EventCountry "QAT"]
[Source "lmi"]
[SourceDate "2014.11.26"]

1. e4 c5 2. Nf3 d6 3. d4 cxd4 4. Nxd4 Nf6 5. Nc3 a6 6. g3 e5 7. Nb3 Be7 8. Bg2
b5 9. Nd5 Bb7 10. Nxf6+ Bxf6 11. O-O O-O 12. a4 Qc7 13. Re1 Nd7 14. Nd2 Nc5 15.
axb5 axb5 16. Rxa8 Rxa8 17. Nf1 Ra1 18. Qe2 Qc6 19. f3 Ne6 20. c3 b4 21. Bd2
Ra2 22. cxb4 Rxb2 23. Qd1 h6 24. Ne3 Bg5 25. h4 Bxe3+ 26. Bxe3 Rxb4 27. Qd2 Rc4
28. Rb1 Rc2 29. Qb4 Bc8 30. Rd1 Re2 31. Rc1 Qa8 32. Bf2 Rxf2 33. Kxf2 Qa7+ 34.
Ke1 Qg1+ 35. Bf1 Ba6 36. Qxd6 Qxf1+ 37. Kd2 Qe2+ 38. Kc3 Nd4 39. Qb4 Qxf3+ 40.
Kb2 Qf2+ 0-1

[Event "Qatar Masters Open 2014"]
[Site "Doha QAT"]
[Date "2014.12.01"]
[Round "6.74"]
[White "Gaehwiler, Gabriel"]
[Black "Liang, Awonder"]
[Result "1/2-1/2"]
[WhiteElo "2334"]
[BlackElo "2266"]
[PlyCount "87"]
[EventDate "2014.11.26"]
[EventType "swiss"]
[EventRounds "9"]
[EventCountry "QAT"]
[Source "lmi"]
[SourceDate "2014.11.26"]

1. e4 c5 2. d4 cxd4 3. c3 d3 4. c4 Nc6 5. Bxd3 d6 6. Nc3 g6 7. b3 Bg7 8. Bb2
Nf6 9. Nge2 O-O 10. O-O Nd7 11. Qd2 Nc5 12. Rad1 Nxd3 13. Qxd3 Bg4 14. f3 Bd7
15. c5 Ne5 16. Qd2 Bc6 17. Qe3 Qc7 18. cxd6 exd6 19. Kh1 Rfd8 20. Nf4 Rd7 21.
Nfd5 Qd8 22. Qe2 h5 23. h3 Qh4 24. Qf2 Qxf2 25. Rxf2 Rdd8 26. f4 Bxd5 27. fxe5
Bc6 28. exd6 Rd7 29. Nd5 Bxd5 30. Rxd5 Bxb2 31. Rxb2 Rad8 32. e5 f6 33. Re2
fxe5 34. Rexe5 Rxd6 35. Rxd6 Rxd6 36. Re7 Ra6 37. Rxb7 Rxa2 38. b4 a5 39. b5
Rb2 40. b6 a4 41. Rb8+ Kg7 42. b7 a3 43. Ra8 Rxb7 44. Rxa3 1/2-1/2

[Event "Qatar Masters Open 2014"]
[Site "Doha QAT"]
[Date "2014.12.01"]
[Round "6.75"]
[White "Gholami, Aryan"]
[Black "Ni, Shiqun"]
[Result "1-0"]
[WhiteElo "2333"]
[BlackElo "2262"]
[PlyCount "91"]
[EventDate "2014.11.26"]
[EventType "swiss"]
[EventRounds "9"]
[EventCountry "QAT"]
[Source "lmi"]
[SourceDate "2014.11.26"]

1. d4 Nf6 2. Nf3 g6 3. Bf4 Bg7 4. Nbd2 c5 5. c3 Nc6 6. dxc5 Nh5 7. Bg3 Nxg3 8.
hxg3 Qc7 9. e3 O-O 10. Be2 a5 11. Nc4 Nd8 12. Nb6 Rb8 13. Rc1 Qxc5 14. Nxd7
Bxd7 15. Qxd7 Nc6 16. Qh3 h6 17. a4 Rfd8 18. O-O Qb6 19. Rb1 Qb3 20. Qh4 e6 21.
Qe4 Qd5 22. Qxd5 Rxd5 23. Rfc1 Bf8 24. Bb5 Na7 25. Be2 Nc6 26. e4 Rdd8 27. Bb5
Na7 28. Rd1 Bd6 29. Rd2 Bc7 30. Rxd8+ Rxd8 31. Be2 Nc6 32. Kf1 Ne5 33. Nd4 Bb6
34. Rd1 Nc6 35. Nb5 Rxd1+ 36. Bxd1 Bc5 37. f4 Kf8 38. e5 b6 39. Bf3 Ne7 40. Be4
g5 41. Nd4 Nd5 42. Bxd5 Bxd4 43. cxd4 exd5 44. Kf2 f5 45. g4 fxg4 46. fxg5 1-0

[Event "Qatar Masters Open 2014"]
[Site "Doha QAT"]
[Date "2014.12.01"]
[Round "6.76"]
[White "Kanter, Eduard"]
[Black "Zhu, Chen"]
[Result "1/2-1/2"]
[WhiteElo "2394"]
[BlackElo "2447"]
[PlyCount "67"]
[EventDate "2014.11.26"]
[EventType "swiss"]
[EventRounds "9"]
[EventCountry "QAT"]
[Source "lmi"]
[SourceDate "2014.11.26"]

1. d4 Nf6 2. c4 e6 3. Nf3 d5 4. g3 Bb4+ 5. Bd2 Be7 6. Bg2 O-O 7. O-O c6 8. Bf4
dxc4 9. Ne5 Nd5 10. Nxc4 Nxf4 11. gxf4 Nd7 12. Nc3 Nb6 13. Ne5 f6 14. Nf3 Nd5
15. e3 b6 16. Qb3 Bb7 17. Rfd1 Qd7 18. Rac1 Rfd8 19. Bh3 Kh8 20. Nxd5 Qxd5 21.
Nd2 c5 22. Qxd5 exd5 23. dxc5 bxc5 24. Nb3 c4 25. Na5 Rab8 26. Nxb7 Rxb7 27.
Rc2 g5 28. fxg5 fxg5 29. Bg2 Rb5 30. b3 Rc5 31. Rdc1 Rdc8 32. Rd1 Rd8 33. Rdc1
Rdc8 34. Rd1 1/2-1/2

[Event "Qatar Masters Open 2014"]
[Site "Doha QAT"]
[Date "2014.12.01"]
[Round "6.77"]
[White "Dimitrijevic, Aleksandra"]
[Black "Lammers, Markus"]
[Result "1-0"]
[WhiteElo "2323"]
[BlackElo "2327"]
[PlyCount "155"]
[EventDate "2014.11.26"]
[EventType "swiss"]
[EventRounds "9"]
[EventCountry "QAT"]
[Source "lmi"]
[SourceDate "2014.11.26"]

1. e4 d5 2. exd5 Nf6 3. c4 c6 4. d4 cxd5 5. Nc3 Nc6 6. Nf3 Bg4 7. Be3 e6 8. h3
Bh5 9. g4 Bg6 10. c5 h5 11. g5 Ne4 12. Nh4 Nxc3 13. bxc3 Be4 14. Rg1 Be7 15.
Be2 Qa5 16. Qb3 b6 17. Bd2 Kd7 18. f3 Bh7 19. Bb5 a6 20. Bxc6+ Kxc6 21. c4 dxc4
22. Qxc4 Qb5 23. Qc3 bxc5 24. dxc5 Qxc5 25. Rc1 Qxc3 26. Bxc3 Kb7 27. Bxg7 Rhg8
28. Rg2 Rac8 29. Rb2+ Ka8 30. Rxc8+ Rxc8 31. Bf6 Bd6 32. g6 fxg6 33. Rb6 Bg3+
34. Kd1 e5 35. Rxa6+ Kb7 36. Re6 Rc7 37. Re8 Kc6 38. a4 Ra7 39. Rh8 Kd5 40. a5
Kc4 41. Ng2 Rb7 42. Bg5 Kb5 43. Ra8 Rg7 44. a6 Bg8 45. a7 Ka6 46. Be3 Bd5 47.
Rf8 Rd7 48. Kc2 Rc7+ 49. Kb2 Rb7+ 50. Ka1 Rd7 51. a8=Q+ Bxa8 52. Rxa8+ Kb5 53.
Kb2 Rf7 54. Kc3 Rxf3 55. Rb8+ Kc6 56. Rb6+ Kd5 57. Kd3 g5 58. Rb5+ Kc6 59. Ra5
Bf4 60. Ke4 Rg3 61. Nxf4 exf4 62. Bf2 Rxh3 63. Rxg5 f3 64. Rg6+ Kd7 65. Kf4 Ke7
66. Bg3 Kf7 67. Rh6 Ke7 68. Ra6 Kf7 69. Bf2 Ke7 70. Bc5+ Kd7 71. Bf2 Kc7 72.
Ke4 Kd7 73. Kd5 Rh2 74. Ra7+ Ke8 75. Ke6 Kd8 76. Ra8+ Kc7 77. Bg3+ Kb7 78. Rb8+
1-0